00448nam a2200145 a 450000500170000000800410001702000180005805000280007624500630010426000590016730000170022644000260024365000180026965000150028720140412111301.0030414s19uu xx 00 eng d a0-86734-023-1 aTR(GS 372.2bPr922 1983 aSchool readiness activities, bk. 2 :bPre-school workbook. aCalifornia :bFrank Schaffer Publications, Inc,c1983. a48 p. ; ill. aBasic Learning Series aReproducibles aActivities